00425nam a2200109Ia 4500008004100000100002000041245009200061260006900153300001100222650001400233856006800247160712s9999 xx 000 0 und d aBaytan, Ronald. cRonald BaytanaIntensities of Signs: An Interview with the Visionary Cirilo F. Bautista c2012bLikhaan: The Journal of Contemporary Philippine Literature avol. 6 xINTERVIEW uhttp://journals.upd.edu.ph/index.php/lik/issue/view/536/showToc